Modeling of Metal Forming and Machining Processes : by Finite Element and Soft Computing Methods /

Gespeichert in:
Bibliographische Detailangaben
Hauptverfasser: Dixit, Prakash M. (Verfasst von), Dixit, Uday S. (Verfasst von)
Format: Buch
Sprache:Englisch
Veröffentlicht: Berlin Springer 2010
Schriftenreihe:Engineering Materials and Processes
Schlagworte:
Tags: Tag hinzufügen
Keine Tags, Fügen Sie das erste Tag hinzu!

MARC

LEADER 00000nam a22000003a 4500
001 0093033
003 SK-STU
005 20220111140959.5
007 ta
008 220111s ----xo-----e------000-0-----d
020 |a 978-1-84996-749-5 
022 |z 1619-0181 
040 |a STU  |b slo 
041 0 |a eng 
044 |a gw 
100 1 |a Dixit, Prakash M.  |4 aut 
245 1 0 |a Modeling of Metal Forming and Machining Processes :  |b by Finite Element and Soft Computing Methods /  |c aut. Prakash M Dixit, Uday S Dixit 
260 |a Berlin  |b Springer  |c 2010 
300 |a 590 s. 
490 0 |a Engineering Materials and Processes 
650 0 7 |a tvárnenie 
650 0 7 |a plasticita 
700 1 |a Dixit, Uday S.  |4 aut 
996 |b 284M088993  |c M* 14592-1  |l MMKN  |s A  |a 24  |w 0093033_0001